[Event "II Open"]
[Site "Sort ESP"]
[Date "2006.07.01"]
[Round "6"]
[White "Gupta,Ab"]
[Black "Kogan,Ar"]
[Result "1/2-1/2"]
[WhiteElo "2449"]
[BlackElo "2563"]

1.d4 Nf6 2.c4 e6 3.Nc3 Bb4 4.Qc2 O-O 5.a3 Bxc3+ 6.Qxc3 Ne4 7.Qc2 f5 8.e3 b6
9.Nf3 Bb7 10.Be2 Rf6 11.O-O Rh6 12.d5 exd5 13.cxd5 Bxd5 14.b4 Rc6 15.Qd3 Bc4
16.Qd1 Bxe2 17.Qxe2 d5 18.Bb2 Rh6 19.Rfd1 Nc6 20.Rac1 a6 21.Qd3 Ne7 22.Qd4 Rf6
23.Qd3 Rg6 24.Ne5 Re6 25.Qb3 Nf6 26.Nd3 Ng6  1/2-1/2

[Event "ch-BEL"]
[Site "Namur BEL"]
[Date "2006.07.08"]
[Round "8"]
[White "Wiley,To"]
[Black "Vandevoort,P"]
[Result "0-1"]
[WhiteElo "2317"]
[BlackElo "2412"]

1.d4 e6 2.c4 Nf6 3.Nc3 Bb4 4.Qc2 O-O 5.a3 Bxc3+ 6.Qxc3 b6 7.Bg5 Bb7 8.Nf3 d6
9.Nd2 Nbd7 10.f3 c5 11.dxc5 bxc5 12.e3 h6 13.Bh4 a5 14.b3 Qb6 15.Be2 Rab8
16.O-O Ba6 17.Rfe1 Qc7 18.Bd3 Bb7 19.Rad1 e5 20.Bc2 Rfe8 21.Bxf6 Nxf6 22.Nf1 e4
23.f4 Qb6 24.Ng3 Rbd8 25.Re2 d5 26.Red2 d4 27.exd4 e3 28.dxc5 Rxd2 29.Rxd2 Qxc5
30.Re2 Nd5 31.Qd3 Nxf4 32.Qh7+ Kf8 33.Nf5 Nxe2+ 34.Kh1 Bxg2+ 35.Kxg2 Qc6+  0-1

[Event "ch-SVK"]
[Site "Banska Stiavnica SVK"]
[Date "2006.07.09"]
[Round "2"]
[White "Timoscenko,G"]
[Black "Petrik,T"]
[Result "1/2-1/2"]
[WhiteElo "2494"]
[BlackElo "2523"]

1.d4 Nf6 2.c4 e6 3.Nc3 Bb4 4.Qc2 O-O 5.a3 Bxc3+ 6.Qxc3 b6 7.Bg5 Bb7 8.f3 h6
9.Bh4 d5 10.e3 Nbd7 11.cxd5 Nxd5 12.Bxd8 Nxc3 13.Bh4 Nd5 14.Bf2 c5 15.e4 Ne7
16.Ne2 Rac8 17.Nc3 cxd4 18.Bxd4 Nc5 19.Rd1 Rfd8 20.Bxc5 Rxd1+ 21.Kxd1 Rxc5
22.Kd2 f5 23.exf5 Nxf5 24.Rg1 Nh4 25.Ke3 Rg5 26.Kf2 Kf8 27.Bd3 Ke7 28.Be4 Bxe4
29.Nxe4 Rb5 30.b4 a5 31.Rb1 Nf5 32.Nc3 Re5 33.g4 Nd6 34.f4 Ne4+ 35.Nxe4 Rxe4
36.Kf3 Rc4 37.bxa5 bxa5 38.Rb7+ Kf6 39.h4 Rc3+ 40.Ke4 Rc4+ 41.Kf3 Rc3+  1/2-1/2

[Event "3rd South Wales Int"]
[Site "Caerleon WLS"]
[Date "2006.07.10"]
[Round "4"]
[White "Cobb,C"]
[Black "Gormally,D"]
[Result "1/2-1/2"]
[WhiteElo "2403"]
[BlackElo "2513"]

1.d4 Nf6 2.c4 e6 3.Nc3 Bb4 4.Qc2 O-O 5.a3 Bxc3+ 6.Qxc3 b5 7.cxb5 c6 8.Bg5 cxb5
9.e3 Bb7 10.Nf3 h6 11.Bxf6 Qxf6 12.Be2 Rc8 13.Qd3 a6 14.O-O Nc6 15.b4 Rc7
16.Qd2 Rac8 17.Rfc1 d6 18.Ne1 e5 19.dxe5 Nxe5 20.Rxc7 Rxc7 21.Rd1 Rd7 22.Qd4 Qe6
23.Nd3 Qg6 24.Ne1 Kf8 25.h3 Qe4 26.Qc3 Qg6 27.Qd4 Ke7 28.Qc3 Qf6 29.Rc1 Bd5
30.Qd2 Be6 31.Qd4 Nc4 32.Qxf6+ Kxf6 33.Nc2 d5 34.Nd4 Ra7 35.Ra1 Bd7 36.Nb3 Bf5
37.Nd4 Bd7 38.Nb3 Ke7 39.Bf3 Be6 40.a4 Rb7 41.Nc5 Rb6 42.axb5 axb5 43.Ra7+ Kf6
44.Nd7+ Bxd7 45.Rxd7 Ne5 46.Rxd5 Ke6 47.Rc5 Nd3 48.Rc6+ Rxc6 49.Bxc6 Nxb4
50.Bxb5 f5 51.g4 fxg4 52.hxg4 Kf6 53.Kg2 Nd5 54.Bc4 Nc3 55.f4 g5 56.Kf3 Nb1
57.Bd5 Nc3 58.Bc6 gxf4 59.exf4 Ke6 60.Ke3 Kd6 61.Kd3 Nd1 62.Bf3 Nb2+ 63.Ke4 Ke6
64.Kd4 Na4 65.Bd5+ Kf6 66.Bb7 Nb6 67.Kc5 Nd7+ 68.Kd6 Nf8 69.Kd5 Ne6  1/2-1/2

[Event "16th Heart of Finland Open"]
[Site "Jyvaskyla FIN"]
[Date "2006.07.12"]
[Round "4"]
[White "Sisatto,O"]
[Black "Salimaki,J"]
[Result "1/2-1/2"]
[WhiteElo "2267"]
[BlackElo "2179"]

1.d4 Nf6 2.c4 e6 3.Nc3 Bb4 4.Qc2 O-O 5.a3 Bxc3+ 6.Qxc3 Qe8 7.Qc2 d6 8.e4 e5
9.d5 a5 10.b3 Na6 11.Rb1 Nc5 12.b4 axb4 13.axb4 Qa4 14.Qxa4 Nxa4 15.f3 Ne8
16.Bd3 f5 17.Ne2 fxe4 18.fxe4  1/2-1/2

[Event "Open A"]
[Site "Oberwart AUT"]
[Date "2006.07.14"]
[Round "7"]
[White "Balinov,I"]
[Black "Luther,T"]
[Result "0-1"]
[WhiteElo "2454"]
[BlackElo "2589"]

1.d4 e6 2.c4 Nf6 3.Nc3 Bb4 4.Qc2 O-O 5.a3 Bxc3+ 6.Qxc3 b5 7.cxb5 c6 8.e3 cxb5
9.f3 Nd5 10.Qc2 f5 11.Nh3 Nc6 12.Bd2 Bb7 13.Qd3 b4 14.e4 fxe4 15.fxe4 Nc7
16.axb4 Ba6 17.Rxa6 Nxa6 18.Qxa6 Qh4+ 19.Kd1 Qxe4 20.Bc3 Qb1+ 21.Kd2 Nxb4
22.Bxb4 Qxb2+ 23.Ke3 Qxb4 24.Bd3 Qb2 25.Be4 Rab8 26.Qe2 Qa3+ 27.Bd3 e5 28.Qh5 exd4+
29.Kxd4 Qb2+  0-1

[Event "Oklahoma State Championship"]
[Site "Oklahoma City USA"]
[Date "2006.07.15"]
[Round "1"]
[White "Braunlich,T"]
[Black "Simo,J"]
[Result "1-0"]
[WhiteElo "2191"]
[BlackElo "2039"]

1.d4 Nf6 2.c4 e6 3.Nc3 Bb4 4.Qc2 O-O 5.a3 Bxc3+ 6.Qxc3 b6 7.Bg5 Bb7 8.e3 d6
9.Nf3 Nbd7 10.Be2 c5 11.Nd2 cxd4 12.exd4 Rc8 13.Qg3 e5 14.d5 b5 15.Bh6 Ne8
16.Ne4 Ndf6 17.Nxf6+ Qxf6 18.Bg5 Qf5 19.Be7 bxc4 20.Bxf8 Kxf8 21.O-O Nf6
22.Rfd1 Rc5 23.b4 cxb3 24.Qxb3 Bxd5 25.Qb8+ Ne8 26.Rxd5 Rxd5 27.Bb5 Rxb5
28.Qxb5 Qe4 29.h3 Nf6 30.Qb8+ Ke7 31.Qxa7+ Ke6 32.Qe3 Qh4 33.a4 Qc4 34.a5 Nd5
35.Qf3 e4 36.Qg4+ Kf6 37.a6 Qc3 38.Rd1  1-0

[Event "6th TCh-Euro u18"]
[Site "Balatonlelle HUN"]
[Date "2006.07.16"]
[Round "5"]
[White "Lapcevic,M"]
[Black "Jarvinen,R"]
[Result "1-0"]
[WhiteElo "2309"]
[BlackElo "1983"]

1.d4 Nf6 2.c4 e6 3.Nc3 Bb4 4.Qc2 O-O 5.a3 Bxc3+ 6.Qxc3 Ne4 7.Qc2 f5 8.g3 b6
9.Bg2 Bb7 10.Nf3 d6 11.O-O Nd7 12.Ng5 Nxg5 13.Bxb7 Rb8 14.Bg2 Qf6 15.Rd1 Rbd8
16.b4 Qg6 17.a4 h5 18.a5 Nf6 19.axb6 axb6 20.Ra7 Rd7 21.c5 dxc5 22.dxc5 Rxd1+
23.Qxd1 bxc5 24.bxc5 h4 25.Rxc7 hxg3 26.hxg3 Nge4 27.Bb2 f4 28.gxf4 Nh5 29.e3 Nxf2
30.Qxh5 Qb1+ 31.Kxf2 Qxb2+ 32.Kg3 Qc1 33.Kh2 Qxe3 34.Qe5 Qf2 35.Qxg7+  1-0

[Event "Inautomarket Open"]
[Site "Minsk BLR"]
[Date "2006.07.16"]
[Round "7"]
[White "Podolchenko,E"]
[Black "Tunik,G"]
[Result "1-0"]
[WhiteElo "2270"]
[BlackElo "2488"]

1.d4 Nf6 2.c4 e6 3.Nc3 Bb4 4.Qc2 O-O 5.e4 d5 6.e5 Ne4 7.a3 Bxc3+ 8.bxc3 c5
9.Bd3 Nc6 10.Ne2 f5 11.O-O Na5 12.cxd5 exd5 13.c4 cxd4 14.Nxd4 Nc5 15.Bxf5 dxc4
16.Bxh7+ Kh8 17.Be3 Bd7 18.Bg6 Be8 19.Bxe8 Qxe8 20.f4 Rd8 21.Rf3 Nd3 22.Raf1 b5
23.Qe2 Kg8 24.Rg3 Rxd4 25.Bxd4 Nxf4 26.Qe4 Ne6 27.Rxf8+ Kxf8 28.Qh7 Qc6 29.Rf3+ Ke7
30.Qh4+ Ke8 31.Bf2 Qd5 32.Qh5+ Kd8 33.Rf7 Kc8 34.Bxa7 Nc6 35.Bb6 c3 36.Qh8+ Ncd8
37.Bxd8 Nxd8 38.Qh3+ Kb8 39.Rf1 Qc5+ 40.Kh1 Nc6 41.Rc1 c2 42.Qh8+ Kb7 43.Qxg7+ Kb6
44.Qg6 Qxa3 45.Qxc2 Nxe5 46.Qc7+ Ka6 47.Qc8+  1-0

[Event "6th TCh-Euro u18"]
[Site "Balatonlelle HUN"]
[Date "2006.07.17"]
[Round "6"]
[White "Fodor,T jr"]
[Black "Brener,I"]
[Result "0-1"]
[WhiteElo "2429"]
[BlackElo "2327"]

1.d4 Nf6 2.c4 e6 3.Nc3 Bb4 4.Qc2 O-O 5.a3 Bxc3+ 6.Qxc3 b6 7.Nf3 Bb7 8.e3 d6
9.b4 Nbd7 10.Bb2 Qe7 11.Be2 c5 12.O-O Ne4 13.Qb3 Rac8 14.Rfd1 f5 15.a4 cxb4
16.a5 b5 17.cxb5 Ndf6 18.Ne1 Ng4 19.Bxg4 fxg4 20.Nd3 Bd5 21.Qxb4 Qh4 22.Qe1 Rc2
23.Rdc1 g3 24.Rxc2 Qxh2+ 25.Kf1 gxf2 26.Qxf2 Nxf2 27.Rxf2 Rxf2+ 28.Nxf2 Qxg2+
29.Ke1 Bf3  0-1

[Event "Inautomarket Open"]
[Site "Minsk BLR"]
[Date "2006.07.18"]
[Round "9"]
[White "Gasanov,E"]
[Black "Yaremko,N"]
[Result "1-0"]
[WhiteElo "2443"]
[BlackElo "2324"]

1.d4 Nf6 2.c4 e6 3.Nc3 Bb4 4.Qc2 O-O 5.Nf3 b6 6.e4 Bb7 7.Bd3 h6 8.O-O Bxc3
9.bxc3 d6 10.Nd2 e5 11.f4 Re8 12.a4 Nc6 13.fxe5 dxe5 14.d5 Na5 15.c5 bxc5
16.Ba3 c6 17.c4 Rc8 18.Rab1 Ba6 19.Rf3 cxd5 20.cxd5 c4 21.Bf1 Rb8 22.Rxb8 Qxb8
23.Qc3 Qb6+ 24.Kh1 Nb3 25.Nxc4 Bxc4 26.Bxc4 Nd4 27.Rf1 Nxe4 28.Qh3 Qc7 29.Bd3 Nc5
30.Bb1 Nxa4 31.d6 Qc4 32.Bd3 Qe6 33.Qxe6 fxe6 34.d7 Rd8 35.Rf8+ Rxf8 36.Bxf8 Nc6
37.Bb5  1-0

[Event "Blue Sevan"]
[Site "Sevan ARM"]
[Date "2006.07.19"]
[Round "7"]
[White "Kotanjian,T"]
[Black "Janjgava,L"]
[Result "0-1"]
[WhiteElo "2515"]
[BlackElo "2479"]

1.d4 Nf6 2.c4 e6 3.Nc3 Bb4 4.Qc2 O-O 5.a3 Bxc3+ 6.Qxc3 b6 7.Bg5 Bb7 8.f3 d6
9.e4 c5 10.dxc5 bxc5 11.O-O-O Nc6 12.Bxf6 gxf6 13.Ne2 Qe7 14.g4 Kh8 15.h4 e5
16.Kb1 Rg8 17.Qd2 Rad8 18.Rh3 Bc8 19.Nc3 Be6 20.Bd3 Nd4 21.Ne2 Rb8 22.Nxd4 cxd4
23.Rg3 Rb3 24.Ka1 Qe8 25.Rc1 Qa4 26.Rc2 Rc8 27.Qe2 Rxd3 28.Qxd3 Bxc4 29.Qd1 Qb3
30.Qb1 Rc5 31.Rd2 Qe3 32.Rgg2 Qxf3 33.g5 f5 34.exf5 e4 35.Rgf2 Qe3 36.f6 d3
37.Qd1 Be6 38.b4 Qd4+ 39.Kb1 Rc3 40.Rb2 e3  0-1

[Event "XI Open"]
[Site "Balaguer ESP"]
[Date "2006.07.20"]
[Round "4"]
[White "Krivoshey,S"]
[Black "Kohlweyer,B"]
[Result "1-0"]
[WhiteElo "2500"]
[BlackElo "2419"]

1.d4 Nf6 2.c4 e6 3.Nc3 Bb4 4.Qc2 O-O 5.a3 Bxc3+ 6.Qxc3 b6 7.Bg5 Ba6 8.e3 d6
9.Ne2 Nbd7 10.Qc2 c5 11.Nc3 h6 12.Bh4 cxd4 13.exd4 Rc8 14.Qa4 Bb7 15.f3 a6
16.Be2 g5 17.Bg3 d5 18.cxd5 b5 19.Qb3 Nxd5 20.Ne4 Qa5+ 21.Kf1 Rc2 22.Kf2 Rfc8
23.Rhd1 f5 24.Nd6 f4 25.Qd3 Kg7 26.Nxb7 Qb6 27.Nc5 R8xc5 28.dxc5 Qxc5+ 29.Qd4+ Qxd4+
30.Rxd4 Rxb2 31.Rc1 N7b6 32.Ke1 fxg3 33.hxg3 Na4 34.Rc6 Nac3 35.Rd2 Rb1+
36.Kf2 a5 37.Rxe6 Rb3 38.Re5 Nf6 39.Re7+ Kf8 40.Rc7 Nce4+ 41.fxe4 Nxe4+ 42.Ke1 Nxd2
43.Kxd2 Rxa3 44.Rc3 Ra2+ 45.Rc2 Ra3 46.Rc3 Ra2+ 47.Rc2 Ra3 48.Bxb5 Rxg3 49.Ke1 Rb3
50.Be2 a4 51.Bd1 Rb1 52.Ra2 Kg7 53.Rxa4 h5 54.Rd4 Kf6 55.Kf2 Rb2+ 56.Be2 g4
57.g3 Kg6 58.Rd6+ Kg5 59.Rd5+ Kh6 60.Ke3 Rb8 61.Rd6+ Kg5 62.Bd3 Rg8 63.Rd5+ Kh6
64.Kf4 Rf8+ 65.Bf5 Rf7 66.Rd6+ Kg7 67.Kg5 h4 68.gxh4 g3 69.Rd3 g2 70.Rg3 g1=Q
71.Rxg1 Kh8 72.Ra1 Rg7+ 73.Kf4 Rb7 74.Ra6 Kg7 75.Kg5 Rb8 76.Ra7+ Kh8 77.Kh6 Kg8
78.Bg6 Kf8 79.Rh7 Rb2 80.Rh8+ Ke7 81.Kg7  1-0

[Event "Sunny Pawn A"]
[Site "Illichevsk UKR"]
[Date "2006.07.20"]
[Round "1"]
[White "Kozak,L"]
[Black "Agafii,V"]
[Result "1/2-1/2"]
[WhiteElo "2319"]
[BlackElo "2317"]

1.d4 Nf6 2.c4 e6 3.Nc3 Bb4 4.Qc2 O-O 5.a3 Bxc3+ 6.Qxc3 b6 7.Bg5 Bb7 8.Nf3 h6
9.Bh4 d6 10.Nd2 Nbd7 11.f3 d5 12.cxd5 exd5 13.e3 Re8 14.Bb5 c6 15.Ba4 Qe7
16.Bf2 Ba6 17.O-O-O c5 18.Kb1 b5 19.Qa5 bxa4 20.Qxa6 Rab8 21.Qxa4 Nb6 22.Qa6 c4
23.Ka1 Qd7 24.b4 Re6 25.e4 Na4 26.Qa5 Nc3 27.Nb1 Rb5 28.Nxc3 Rxa5 29.bxa5 dxe4
30.d5 Ra6 31.Bc5 exf3 32.Bb4 fxg2 33.Rhg1 Qh3 34.Rd2 Nd7 35.d6 g5 36.Rgxg2 Ne5
37.Rg3 Qf5 38.Rd5 Qf1+ 39.Rd1 Qf5 40.Rd5  1/2-1/2

[Event "Sunny Pawn A"]
[Site "Illichevsk UKR"]
[Date "2006.07.21"]
[Round "2"]
[White "Savchenko,S"]
[Black "Zavgorodniy,S"]
[Result "1-0"]
[WhiteElo "2508"]
[BlackElo "2430"]

1.d4 Nf6 2.c4 e6 3.Nc3 Bb4 4.Qc2 O-O 5.a3 Bxc3+ 6.Qxc3 b6 7.Nf3 Bb7 8.e3 c5
9.b4 d5 10.dxc5 Ne4 11.Qc2 bxc5 12.Be2 dxc4 13.Bxc4 Ng5 14.Bb2 Nxf3+ 15.gxf3 cxb4
16.Rg1 f6 17.Bxe6+ Kh8 18.Rg3 Qe7 19.Qg6 Bc8 20.Rh3  1-0

[Event "10th Battle of Senta 1697 Open"]
[Site "Senta SCG"]
[Date "2006.07.21"]
[Round "1"]
[White "Ristic,Neb2"]
[Black "Garmacea,B"]
[Result "1-0"]
[WhiteElo "2263"]
[BlackElo "1986"]

1.d4 e6 2.c4 Nf6 3.Nc3 Bb4 4.Qc2 O-O 5.a3 Bxc3+ 6.Qxc3 b6 7.Nf3 Bb7 8.e3 c5
9.b4 Qe7 10.dxc5 bxc5 11.Bb2 Na6 12.b5 Nc7 13.Be2 d6 14.Nd2 e5 15.Bf3 Ne6
16.h4 e4 17.Be2 Rae8 18.g4 Nd7 19.O-O-O f5 20.gxf5 Rxf5 21.Bg4 Rf7 22.Bh5 Rxf2
23.Bxe8 Qxe8 24.Qa5 Qb8 25.Rdf1 Re2 26.Re1 Rf2 27.Reg1 d5 28.cxd5 Bxd5 29.Qc3 Qf8
30.Rf1 h6 31.Rfg1 Rf1+ 32.Rxf1 Qd6 33.Rhg1 Qe7 34.Nc4 Kh7 35.Ne5 Nf6 36.Ng6 Qb7
37.Qe5 Qxb5 38.Nf8+ Kh8 39.Nxe6 Qc4+ 40.Qc3 Bxe6 41.Qxc4 Bxc4 42.Bxf6 gxf6
43.Rg6 f5 44.Rxh6+ Kg7 45.Rc6 Bd3 46.Rxc5 Kg6 47.Kd2 a6 48.Ke1 Kh5 49.Rcxf5+ Kxh4
50.Kd2 Kg4 51.R5f4+  1-0

[Event "Summer Cup"]
[Site "Litohoro GRE"]
[Date "2006.07.22"]
[Round "1"]
[White "Papadopoulos,P"]
[Black "Nikolaidis,I"]
[Result "0-1"]
[WhiteElo "1878"]
[BlackElo "2538"]

1.d4 Nf6 2.c4 e6 3.Nc3 Bb4 4.Qc2 O-O 5.a3 Bxc3+ 6.Qxc3 Qe8 7.Nf3 d6 8.e3 b6
9.b4 Bb7 10.Be2 Nbd7 11.Bb2 Ne4 12.Qb3 f5 13.O-O Rf6 14.Rac1 Rh6 15.c5 Qh5
16.Rfd1 Bd5 17.Bc4 Ndf6 18.Bxd5 Nxd5 19.cxd6 cxd6 20.Rc6 Rg6 21.Ne1 Rf8 22.Qc2 f4
23.exf4 Nxf2 24.Kxf2 Qxh2 25.Bc1 Nxf4 26.Bxf4 Qxf4+ 27.Nf3 Qg5 28.Rg1 Qh4+
29.Ke2 Rxf3 30.Kxf3 Rf6+ 31.Ke3  0-1

[Event "Czech Open A"]
[Site "Pardubice CZE"]
[Date "2006.07.22"]
[Round "2"]
[White "Likavsky,T"]
[Black "Bibik,J"]
[Result "1-0"]
[WhiteElo "2498"]
[BlackElo "2368"]

1.d4 Nf6 2.c4 e6 3.Nc3 Bb4 4.Qc2 O-O 5.a3 Bxc3+ 6.Qxc3 Ne4 7.Qc2 f5 8.e3 b6
9.Ne2 Bb7 10.f3 Nf6 11.Nc3 Qe7 12.Be2 d6 13.O-O Nbd7 14.d5 e5 15.b4 a5 16.Bd2 axb4
17.axb4 g6 18.e4 fxe4 19.fxe4 Kg7 20.Nb5 Rfc8 21.Rxa8 Bxa8 22.Na7 Rf8 23.Ra1 Re8
24.Nb5 Nf8 25.Ra7 Rc8 26.Bg5  1-0

[Event "Czech Open A"]
[Site "Pardubice CZE"]
[Date "2006.07.23"]
[Round "3"]
[White "Lorscheid,G"]
[Black "Aleshin,O"]
[Result "1-0"]
[WhiteElo "2294"]
[BlackElo "2412"]

1.d4 Nf6 2.c4 e6 3.Nc3 Bb4 4.Qc2 O-O 5.a3 Bxc3+ 6.Qxc3 b6 7.Bg5 Bb7 8.e3 d6
9.Ne2 Nbd7 10.Qd3 Qe7 11.Nc3 c5 12.Be2 Bxg2 13.Rg1 Bb7 14.O-O-O a6 15.dxc5 Nxc5
16.Qxd6 Qxd6 17.Rxd6 Nfe4 18.Nxe4 Bxe4 19.Rxb6 Rfd8 20.Rd1 f6 21.Bf4 e5 22.Bg3 a5
23.f3 Bg6 24.Rdd6 a4 25.Kd2 e4 26.f4 Nd3 27.Bxd3 exd3 28.Rb4 h5 29.Rd4 Re8
30.c5 Rec8 31.Rdc4 Bf7 32.Rc3 g5 33.fxg5 fxg5 34.Bd6 Bd5 35.Rxd3 Bc6 36.Be5 Be8
37.Rc3 Bc6 38.Rb6 g4 39.Rd3 Be4 40.Rd4 Bf3 41.Rd7 Rd8 42.Rg6+ Kf8 43.Bd6+ Ke8
44.Re7+ Kf8 45.Rh7+ Rxd6+ 46.cxd6 Ra5 47.d7 Rd5+ 48.Kc3 Be4 49.Rf6+ Kg8 50.Re7  1-0

[Event "Summer Cup"]
[Site "Litohoro GRE"]
[Date "2006.07.24"]
[Round "3"]
[White "Parginos,V"]
[Black "Shavtvaladze,N"]
[Result "0-1"]
[WhiteElo "2177"]
[BlackElo "2383"]

1.d4 Nf6 2.c4 e6 3.Nc3 Bb4 4.Qc2 O-O 5.e4 d6 6.Bd3 e5 7.d5 Nbd7 8.a3 Bxc3+
9.Qxc3 Nc5 10.f3 Nh5 11.Be3 Nxd3+ 12.Qxd3 f5 13.O-O-O fxe4 14.fxe4 Bg4 15.Re1 Qh4
16.Ne2 Bxe2 17.Qxe2 Nf6 18.Bd2 Rf7 19.g3 Qh3 20.Qf1 Qd7 21.Qe2 Raf8 22.Rhf1 Qa4
23.Rf5 Nd7 24.Rxf7 Rxf7 25.Be3 Qb3 26.Qc2 Qa2 27.Kd1 Nb6 28.Bxb6 cxb6 29.Re3 Rf1+
30.Kd2 Qa1 31.Re2 Rh1 32.Kd3 h6 33.Qa4 Qg1 34.Qe8+ Kh7 35.Qc8 Qd4+ 36.Kc2 Rf1
37.Rd2 Qxe4+ 38.Kc3 Qe3+ 39.Kc2 Qe4+ 40.Kc3 Rf3+ 41.Kb4 Qe1  0-1

[Event "Czech Open A"]
[Site "Pardubice CZE"]
[Date "2006.07.24"]
[Round "4"]
[White "Likavsky,T"]
[Black "Kubala,M"]
[Result "0-1"]
[WhiteElo "2498"]
[BlackElo "2405"]

1.d4 e6 2.c4 Nf6 3.Nc3 Bb4 4.Qc2 O-O 5.a3 Bxc3+ 6.Qxc3 b6 7.Bg5 Ba6 8.Qf3 Nc6
9.e3 Bb7 10.Qd1 h6 11.Bh4 g5 12.Bg3 Ne4 13.Bd3 Nxg3 14.hxg3 Qf6 15.Qh5 Kg7
16.Nf3 Rh8 17.Nh2 Qe7 18.O-O-O d5 19.cxd5 Na5 20.dxe6 Qxe6 21.Nf3 Be4 22.Bxe4 Qxe4
23.Nd2 Qd3 24.Rhe1 c5 25.Qe2 Qg6 26.dxc5 bxc5 27.Qb5 Nc6 28.Nc4 Rab8 29.Qa6 Rhd8
30.Qa4 Nb4 31.axb4 Rxb4 32.Qa2 Rdb8 33.Re2 Qe6 34.Rc2 a5 35.Rd6 Qe7 36.Rd5 Qe4
37.Nd6 Qxg2 38.Rf5 Qf1+ 39.Kd2 c4 40.Rxf7+ Kg6 41.Qxa5 Qd3+ 42.Ke1 Qxc2 43.Kf1 R4b5
44.Qc7 Qxb2 45.Kg2 R5b6 46.Nf5 R8b7 47.Qc8 Kxf7 48.Qxc4+ Kg6 49.g4 Kh7 50.Qe4 Rg6
51.Nd6 Rd7  0-1

[Event "Sunny Pawn A"]
[Site "Illichevsk UKR"]
[Date "2006.07.25"]
[Round "6"]
[White "Savchenko,S"]
[Black "Agafii,V"]
[Result "1-0"]
[WhiteElo "2508"]
[BlackElo "2317"]

1.d4 Nf6 2.c4 e6 3.Nc3 Bb4 4.Qc2 O-O 5.a3 Bxc3+ 6.Qxc3 b6 7.Nf3 Bb7 8.e3 d6
9.Be2 Nbd7 10.O-O c5 11.b4 Rc8 12.Bb2 Ne4 13.Qd3 Qe7 14.Rfd1 Rfd8 15.Rac1 h6
16.Nd2 Nxd2 17.Qxd2 Qg5 18.f3 Nf8 19.e4 Ng6 20.g3 e5 21.d5 Ba6 22.b5 Bb7
23.a4 Ra8 24.a5 Kf8 25.Ra1 Qxd2 26.Rxd2 Ke7 27.Bc3 f6 28.Bf1 Kd7 29.h4 Rf8
30.Bh3+ Kc7 31.Be6 Rab8 32.Rf2 Bc8 33.f4 exf4 34.gxf4 Bxe6 35.dxe6 Rfe8 36.f5  1-0

[Event "Czech Open A"]
[Site "Pardubice CZE"]
[Date "2006.07.25"]
[Round "5"]
[White "Mukhlisov,V"]
[Black "Mueller,Fab"]
[Result "1/2-1/2"]
[WhiteElo "2114"]
[BlackElo "2262"]

1.d4 Nf6 2.c4 e6 3.Nc3 Bb4 4.Qc2 O-O 5.a3 Bxc3+ 6.Qxc3 b6 7.Bg5 Ba6 8.Nf3 d6
9.e3 Nbd7 10.Bd3 Rc8 11.Rc1 c5 12.Qd2 Qc7 13.O-O Bb7 14.Qe2 Ne4 15.Bh4 Rfe8
16.Nd2 Nxd2 17.Qxd2 cxd4 18.exd4 Qc6 19.f4 f5 20.Rfe1 Qa4 21.Qb4 Qc6 22.Bf1 a5
23.Qd2 Qa4 24.Qc3 Ba6 25.b3 Qc6 26.Be2 Qc7 27.Bh5 g6 28.Bf3 a4 29.Bd1 e5
30.b4 Bxc4 31.Bxa4 Qb7 32.Bxd7 Qxd7 33.dxe5 b5 34.Rcd1 Re6 35.Bf6 d5 36.Qd4 Ra8
37.Re3 Qa7 38.Qxa7 Rxa7 39.Bd8 Rd7 40.Ba5  1/2-1/2

[Event "Czech Open A"]
[Site "Pardubice CZE"]
[Date "2006.07.26"]
[Round "6"]
[White "Kharitonov,Alexandr"]
[Black "Lindberg,Bo"]
[Result "0-1"]
[WhiteElo "2514"]
[BlackElo "2385"]

1.d4 Nf6 2.c4 e6 3.Nc3 Bb4 4.Qc2 O-O 5.a3 Bxc3+ 6.Qxc3 d6 7.Nf3 Nbd7 8.g3 b6
9.Bg2 Bb7 10.O-O Qe7 11.b4 Ne4 12.Qc2 f5 13.Ng5 Ndf6 14.Nh3 Nd7 15.f3 Nef6
16.e4 fxe4 17.fxe4 e5 18.d5 h6 19.Nf2 a5 20.Be3 c6 21.Rfb1 Rfc8 22.Qb3 cxd5
23.cxd5 Ba6 24.Rc1 axb4 25.axb4 Bb5 26.Rxc8+ Rxc8 27.Bh3 Qe8 28.Kg2 Qh5 29.Be6+ Kh8
30.g4 Qh4 31.Ra7 Rf8 32.Qd1 h5 33.h3 Nh7 34.Qd2 Ndf6 35.Bf5 hxg4 36.hxg4 g6
37.Ra1 Nh5 38.Bxg6 Qg3+ 39.Kh1 Rf3 40.Ra8+ Kg7 41.Ra7+ Kxg6 42.gxh5+ Kf6  0-1

[Event "10th Battle of Senta 1697 Open"]
[Site "Senta SCG"]
[Date "2006.07.26"]
[Round "7"]
[White "Vranic,L"]
[Black "Krejic,I"]
[Result "0-1"]
[WhiteElo "2190"]
[BlackElo "2243"]

1.d4 Nf6 2.c4 e6 3.Nc3 Bb4 4.Qc2 O-O 5.Nf3 d5 6.e3 b6 7.cxd5 exd5 8.Bd3 Bb7
9.O-O Nbd7 10.Rd1 a6 11.Bd2 Re8 12.Rac1 Bd6 13.Be1 Qe7 14.Qe2 c5 15.b3 g6
16.a4 Ne4 17.dxc5 bxc5 18.Qf1 Ng5 19.Be2 d4 20.exd4 Nxf3+ 21.Bxf3 Bxf3 22.gxf3 Bf4
23.Rb1 cxd4 24.Ne4 Ne5 25.Qg2 Rab8 26.Bd2 Qh4 27.Bxf4 Qxf4 28.Nd2 Qf5 29.Qg3 Rbc8
30.Kg2 Rc2 31.Ne4 Rd8 32.Rd2 Rxd2 33.Nxd2 Nd3 34.Ne4 Nf4+ 35.Kh1 d3 36.Rd1 Rd4
37.Rd2 h5 38.h4 Ne2 39.Qg2 Qf4  0-1

[Event "Czech Open A"]
[Site "Pardubice CZE"]
[Date "2006.07.27"]
[Round "7"]
[White "Shifman,Mi"]
[Black "Lindberg,Be"]
[Result "0-1"]
[WhiteElo "2029"]
[BlackElo "2419"]

1.d4 Nf6 2.c4 e6 3.Nc3 Bb4 4.Qc2 O-O 5.e4 d5 6.e5 Ne4 7.a3 Bxc3+ 8.bxc3 c5
9.Bd3 Qa5 10.Bxe4 dxe4 11.Bd2 Qa6 12.Qxe4 Qxc4 13.Nf3 Nd7 14.Rc1 h6 15.h4 Rd8
16.Rh3 Qd5 17.Qg4 f5 18.Qg3 Qe4+ 19.Kf1 Qg4 20.Qh2 Qh5 21.Qf4 b6 22.Rg3 Kh7
23.Kg1 Bb7 24.Ne1 Nf8 25.Nd3 c4 26.Nb2 Ng6 27.Rxg6 Qxg6 28.f3 Rac8 29.Rb1 Qh5
30.Na4 Bd5 31.Nb2 Rg8 32.Qh2 g5 33.hxg5 Qxh2+ 34.Kxh2 hxg5 35.Nd1 Kg6 36.Ne3 Rgd8
37.a4 Rb8 38.Bc1 a6 39.Ba3 b5 40.Bd6 Rb7 41.a5 Rh7+ 42.Kg1 Rdh8 43.Kf2 Rh1
44.Rb2 Rc1 45.Nxd5 exd5 46.Bb4 Re8 47.Re2 Kf7 48.Ke3 Ke6 49.g3 Rh8 50.f4 g4
51.Rg2 Rhh1 52.Ke2 Rc2+  0-1

[Event "Czech Open A"]
[Site "Pardubice CZE"]
[Date "2006.07.27"]
[Round "7"]
[White "Kubala,M"]
[Black "Shanava,K"]
[Result "0-1"]
[WhiteElo "2405"]
[BlackElo "2490"]

1.d4 Nf6 2.c4 e6 3.Nc3 Bb4 4.Qc2 O-O 5.a3 Bxc3+ 6.Qxc3 b6 7.Bg5 Bb7 8.e3 d6
9.f3 Nbd7 10.Bd3 Rc8 11.Ne2 c5 12.O-O Ba6 13.b4 cxd4 14.Qxd4 Ne5 15.b5 Bb7
16.Rac1 Rc5 17.f4 Nxd3 18.Qxd3 h6 19.Bh4 d5 20.Rfd1 Qe7 21.a4 dxc4 22.Rxc4 Rxc4
23.Qxc4 Rc8 24.Qd4 Qa3 25.Bxf6 gxf6 26.Kf2 Kg7 27.Qd7 Rb8 28.Qc7 Qf8 29.Rd7 Bd5
30.Qxa7 Ra8 31.Qxb6 Rxa4 32.Qc7 Rc4 33.Qa7 Rc2 34.b6 Bc4 35.b7 Rxe2+ 36.Kg3 Rb2
37.Qd4 Qb4 38.b8=Q Qe1+ 39.Kh3 Rxb8 40.Qxc4 Qxe3+ 41.g3 Rf8 42.Qc6 Qe2 43.Qb7 Qf1+
44.Kh4 Qf2 45.Kh3 Qe2 46.Re7 Qh5+ 47.Kg2 Rd8 48.Rd7 Rxd7 49.Qxd7 Qd5+ 50.Qxd5 exd5
51.Kf3 Kg6 52.Ke3 Kf5 53.h3 Ke6 54.g4 f5 55.g5 hxg5 56.fxg5 Ke5  0-1

[Event "15th Open A"]
[Site "Vienna AUT"]
[Date "2006.07.29"]
[Round "1"]
[White "Timoscenko,G"]
[Black "Mueller,Ro"]
[Result "1-0"]
[WhiteElo "2494"]
[BlackElo "2129"]

1.d4 Nf6 2.c4 e6 3.Nc3 Bb4 4.Qc2 O-O 5.a3 Bxc3+ 6.Qxc3 Ne4 7.Qc2 f5 8.e3 b6
9.Ne2 Bb7 10.f3 Qh4+ 11.g3 Qh5 12.Bg2 Nf6 13.O-O g5 14.d5 Na6 15.Nd4 g4 16.fxg4 Nxg4
17.h3 Ne5 18.dxe6 Bxg2 19.Qxg2 c6 20.exd7 Nc5 21.Bd2 Ne4 22.g4 fxg4 23.Qxe4 Qxh3
24.Qxe5 g3 25.Qe6+  1-0

[Event "15th Open A"]
[Site "Vienna AUT"]
[Date "2006.07.30"]
[Round "2"]
[White "Zojer,S"]
[Black "Locatin,M"]
[Result "0-1"]
[WhiteElo "2118"]
[BlackElo "1995"]

1.d4 Nf6 2.c4 e6 3.Nc3 Bb4 4.Qc2 O-O 5.a3 Bxc3+ 6.Qxc3 b5 7.cxb5 c6 8.bxc6 Nxc6
9.f3 Nd5 10.Qd3 Qh4+ 11.g3 Qxd4 12.e4 Qxd3 13.Bxd3 Nb6 14.Be3 d5 15.Rc1 Bb7
16.Nh3 Ne5 17.Be2 dxe4 18.fxe4 Bxe4 19.Rg1 Rac8 20.Bc5 Na4 21.b4 Nxc5 22.bxc5 Nd7
23.Nf2 Nxc5 24.Rxc5 Rxc5 25.Nxe4 Ra5 26.Nd6 Rxa3 27.Rf1 Rd8  0-1

[Event "15th Open A"]
[Site "Vienna AUT"]
[Date "2006.07.30"]
[Round "2"]
[White "Lovrinovic,C"]
[Black "Baumegger,S"]
[Result "0-1"]
[WhiteElo "2191"]
[BlackElo "2411"]

1.d4 Nf6 2.c4 e6 3.Nc3 Bb4 4.Qc2 O-O 5.f3 d5 6.e3 c5 7.a3 cxd4 8.axb4 dxc3
9.bxc3 e5 10.cxd5 Nxd5 11.e4 Nb6 12.Be3 Be6 13.Bd3 Qc7 14.Ne2 N8d7 15.O-O Rfc8
16.Rfc1 Bc4 17.Ng3 Nf8 18.Bf1 Bxf1 19.Nxf1 Nc4 20.Qf2 Ne6 21.g3 b6 22.Ra2 a5
23.bxa5 bxa5 24.Ra4 Qc6 25.Rca1 Qb5 26.Nd2 Nxe3 27.Qxe3 Nc5 28.R4a3 h6 29.Rb1 Qa6
30.Nb3 Nxb3 31.Rbxb3 Rd8 32.Rb1 Qc4 33.Kg2 Rd3 34.Qe2 Rc8 35.Rd1 Rxd1 36.Qxd1 Qc5
37.Qa1 Rd8 38.Ra2 Rd3 39.Qe1 Rxc3 40.Qe2 a4 41.Qd2 a3 42.h4 Qc4 43.h5 Kh7
44.Qf2 Rb3 45.Kh3 Qc3 46.Rc2 Qxf3 47.Qxf3 Rxf3 48.Rc7 a2 49.Ra7 Rf2 50.g4 g6
51.Kg3 Rf4 52.hxg6+ Kxg6 53.Rxa2 Rxe4 54.Ra8 h5 55.Ra6+ Kg5 56.gxh5 Rg4+  0-1

[Event "15th Open A"]
[Site "Vienna AUT"]
[Date "2006.08.01"]
[Round "4"]
[White "Lovrinovic,C"]
[Black "Hudec,M"]
[Result "1-0"]
[WhiteElo "2191"]
[BlackElo "2055"]

1.d4 Nf6 2.c4 e6 3.Nc3 Bb4 4.Qc2 O-O 5.Nf3 b6 6.e4 d5 7.e5 Ne4 8.Bd3 Bb7
9.O-O Bxc3 10.bxc3 h6 11.Ba3 Re8 12.Rae1 Nd7 13.cxd5 exd5 14.Nd2 Nxd2 15.Qxd2 Nf8
16.f4 Qc8 17.Rf3 c5 18.f5 Qc6 19.Rg3 Kh7 20.Rxg7+ Kxg7 21.f6+ Kg8 22.Qxh6 Ba6
23.Qg7+  1-0

[Event "15th Open A"]
[Site "Vienna AUT"]
[Date "2006.08.03"]
[Round "6"]
[White "Kilgus,G"]
[Black "Kirschner,A"]
[Result "1-0"]
[WhiteElo "2360"]
[BlackElo "2256"]

1.d4 e6 2.c4 Nf6 3.Nc3 Bb4 4.Qc2 O-O 5.a3 Bxc3+ 6.Qxc3 b6 7.Nf3 Bb7 8.e3 Ne4
9.Qc2 f5 10.Be2 d6 11.O-O Nd7 12.b4 Rf6 13.d5 exd5 14.Bb2 Rg6 15.cxd5 Bxd5
16.Bc4 Bxc4 17.Qxc4+ Kh8 18.Qf7 Qe8 19.Qxf5 Qe7 20.Ne5 dxe5 21.Qxe4 Re8 22.Rfd1 Nf6
23.Qc4 Ng4 24.h3 Nh6 25.Rac1 Nf5 26.Qxc7 Qg5 27.Qb7 e4 28.Qxe4 Rf8 29.Rd5 Nh4
30.Rdd1  1-0